| 000 | 00663nam a2200229Ia 4500 | ||
|---|---|---|---|
| 005 | 20260429112142.0 | ||
| 008 | 260429s9999||||xx |||||||||||||| ||und|| | ||
| 020 | _a9781009359313 | ||
| 041 | _aEnglish | ||
| 082 |
_a658.049 _bSTE |
||
| 100 | _aSteers, Richard M. | ||
| 245 | 0 |
_aManagement across cultures : _bchallenges, strategies, and skills / _cRichard M. Steers |
|
| 250 | _a5th ed. | ||
| 260 |
_aUnited Kingdom : _bCambridge University Press, _c2024. |
||
| 300 | _axix, 403 p.; pbk | ||
| 650 | _a Challenges | ||
| 650 | _a Cultures | ||
| 650 | _aManagement skills | ||
| 700 | _a Osland, Joyce S. | ||
| 700 | _a Szkudlarek, Betina | ||
| 942 | _cTB | ||
| 999 |
_c52619 _d52619 |
||